000 00732nam a2200121Ia 4500
008 220620s9999||||xx |||||||||||||| ||und||
100 _aUther, Maria
245 0 _aMobile Learning
546 _aEnglish[eng]
650 _asubjective perception||smartphone||digital capabilities||achievement||3-level evaluation framework||instructional approaches||technology integration||FRAME model||digital literacy||mobile technologies||m-learning||language learning||iPads||meta-analysis||higher education||systematic review||audio interaction||mobile learning||English language teaching||mobile device||diffusion of models||educational technologies||mobile devices||attitude
856 _uhttps://mdpi.com/books/pdfview/book/1182
942 _cEB
999 _c27603
_d27603